| 000 | 02305nab a2200253 ab4500 | ||
|---|---|---|---|
| 005 | 20260429113816.0 | ||
| 008 | 251016c2025 sp tr p#o# #00| eng d | ||
| 003 | |||
| 040 |
_aMX-MxUPN _bspa _cMX-MxUPN _eaacr2 |
||
| 100 | 1 |
_aOrtega Rodríguez, Pablo Javier _958360 |
|
| 245 | 1 | 0 |
_aPISA 2022 : _bpredictores del rendimiento en pensamiento computacional en educación secundaria en España _h[recurso electrónico en línea] |
| 506 | 0 | _aAcceso abierto | |
| 520 | 3 |
_aEste estudio pretende conocer el efecto de un conjunto de predictores sobre el rendimiento en pensamiento computacional. La muestra está formada por 30800 estudiantes españoles de Educación Secundaria que han participado en PISA 2022: 15561 chicos (50.5%) y 15239 chicas (49.5%), procedentes de 966 centros educativos. Se ha utilizado una regresión múltiple multinivel, que ha permitido analizar los efectos significativos de las variables independientes sobre el rendimiento a dos niveles (Estudiante y Centro). Los resultados muestran que los chicos obtienen más puntos en el rendimiento en pensamiento computacional que las chicas, pues existe una brecha de género en la competencia digital a favor de ellos. El contexto socioeconómico del alumnado y el uso de las TIC en casa tienen un gran impacto sobre el rendimiento. A nivel de centro, los resultados muestran que los centros privados y con mayor disponibilidad de recursos TIC obtienen más puntos que los centros públicos con menos recursos. Estos resultados sugieren la necesidad de promover programas sobre pensamiento computacional en los centros educativos para fomentar la vocación de los estudiantes en las disciplinas STEM, utilizar aplicaciones para desarrollar el pensamiento computacional y reforzar la competencia digital del alumnado. _c RED |
|
| 653 | _aCompetencias digitales | ||
| 653 | _aBrecha de género | ||
| 653 | _aPensamiento computacional | ||
| 650 | 4 |
_aRendimiento académico _93961 |
|
| 650 | 4 |
_aTecnologías de la información y comunicación _921219 |
|
| 773 |
_gVol. 25, no. 81 (2025), p. 1-18 _tRED : Revista de educación a distancia _x1578-7680 |
||
| 856 | 4 | _uhttps://revistas.um.es/red/article/view/600641 | |
| 856 | 4 | _uhttps://revistas.um.es/red/article/view/600641/374121 | |
| 902 | _aLeonor Sotres/290426 | ||
| 942 | _cART-E | ||
| 999 |
_c215034 _d215034 |
||